| 000 | 00520nam a2200193 a 4500 | ||
|---|---|---|---|
| 001 | sa 68009305 | ||
| 003 | DLC | ||
| 005 | 20260227112542.0 | ||
| 008 | 980127s1955 ii 000 0 ben | ||
| 010 | _asa 68009305 | ||
| 040 |
_aDLC _cDLC |
||
| 050 | 0 | 0 |
_aPK1718.G463 _bA82 1955 |
| 100 | 1 |
_aGhosal, Panchanan, _d1905- |
|
| 245 | 1 | 0 |
_aAndhakārera deśe / _cPañcānana Ghoshāla. |
| 260 |
_aKalikātā : _bG. Caṭṭopādhyāẏa, _c1955. |
||
| 300 |
_a251 p. ; _c21 cm. |
||
| 546 | _aIn Bengali. | ||
| 500 | _aNovel. | ||
| 999 |
_c82858 _d82858 |
||